| 000 | 00000nam##2200000za#4500 |
| 001 | 9.694880 |
| 003 | CaOODSP |
| 005 | 20210927150501 |
| 007 | cr ||||||||||| |
| 008 | 150407|2003||||xxc|||||o f|0| 0 eng|d |
| 040 | |aCaOODSP|beng |
| 043 | |an-cn--- |
| 086 | 1 |aR2-129/2003E-PDF |
| 110 | 1 |aCanada. |bIndian and Northern Affairs Canada. |
| 245 | 10|aFar North food - from Arctic char to processed snacks |h[electronic resource] |
| 260 | |aOttawa - Ontario : |bIndian and Northern Affairs |c2003. |
| 300 | |a4p.|billus. |
| 500 | |aIncorrect Catalogue No. (R2-129/2001-E) and ISBN (0-662-29946-9) printed in this publication. |
| 590 | |a11-15-Supp|b2011-08-22 |
| 775 | 08|tLa nourriture dans le Grand Nord - de l'omble chevalier aux grignotines |w(CaOODSP)9.639049 |
| 856 | 40|ahttp://publications.gc.ca|qPDF|s258 KB|uhttps://publications.gc.ca/collections/collection_2011/ainc-inac/R2-129-2003-eng.pdf |
| 986 | |aQS-6120-010-EE-A2 |